书目信息 |
| 题名: |
我国微型金融机构可持续发展问题研究
|
|
| 作者: | 张正平 著 | |
| 分册: | ||
| 出版信息: | 北京 经济科学出版社 2013 |
|
| 页数: | 304页 | |
| 开本: | 21cm | |
| 丛书名: | ||
| 单 册: | ||
| 中图分类: | F832.3 | |
| 科图分类: | ||
| 主题词: | 金融机构--可持续性发展--研究--中国 , 金融机构 , 可持续性发展 | |
| 电子资源: | ||
| ISBN: | 978-7-5141-3495-7 | |
| 000 | 01215nam0 2200277 450 | |
| 001 | 523 | |
| 005 | 20140909165015.53 | |
| 010 | @a978-7-5141-3495-7@dCNY26.00 | |
| 100 | @a20130816d2013 em y0chiy50 ea | |
| 101 | 0 | @achi |
| 102 | @aCN@b110000 | |
| 105 | @aa z 000yy | |
| 106 | @ar | |
| 200 | 1 | @a我国微型金融机构可持续发展问题研究@AWo Guo Wei Xing Jin Rong Ji Gou Ke Chi Xu Fa Zhan Wen Ti Yan Jiu@f张正平著@FZhang Zheng Ping Zhu |
| 210 | @a北京@c经济科学出版社@d2013 | |
| 215 | @a304页@c图@d21cm | |
| 312 | @a封面英文题名:Study on the sustainable development of microfinance institutions in China | |
| 330 | @a本书分为十章,内容包括:我国微型金融业的阶段性发展及可持续发展的挑战;我国小额贷款公司的产生、现状与绩效;我国典型地区小额贷款公司可持续发展比较分析;小额贷款公司可持续发展面临的目标偏离与风险问题;微型金融机构可持续发展的衡量指标与理论分析等。 | |
| 510 | 1 | @aStudy on the sustainable development of microfinance institutions in China@zeng |
| 606 | 0 | @a金融机构@x可持续性发展@x研究@y中国 |
| 606 | 0 | @a金融机构 |
| 606 | 0 | @a可持续性发展 |
| 690 | @aF832.3@v5 | |
| 701 | 0 | @a张正平@AZhang Zheng Ping@f(1976~)@4著 |
| 801 | 0 | @aCN@bTANGWEI@c20140603 |
| 905 | @b0839737-39@dF832.3@e98@f3 | |
| 我国微型金融机构可持续发展问题研究/张正平著.-北京:经济科学出版社,2013 |
| 304页:图;21cm |
| ISBN 978-7-5141-3495-7:CNY26.00 |
| 本书分为十章,内容包括:我国微型金融业的阶段性发展及可持续发展的挑战;我国小额贷款公司的产生、现状与绩效;我国典型地区小额贷款公司可持续发展比较分析;小额贷款公司可持续发展面临的目标偏离与风险问题;微型金融机构可持续发展的衡量指标与理论分析等。 |
| ● |
| 相关链接 |
|
|
|
|
正题名:我国微型金融机构可持续发展问题研究
索取号:F832.3/98
 
预约/预借
| 序号 | 登录号 | 条形码 | 馆藏地/架位号 | 状态 | 备注 |
| 1 | 0839737 | 208397377 | 第一样本阅览室/ [索取号:F832.3/98] | 在馆 | |
| 2 | 0839738 | 208397386 | 密集书库-海洋学院/ [索取号:F832.3/98] | 在馆 | |
| 3 | 0839739 | 208397395 | 第一借阅区/ [索取号:F832.3/98] | 在馆 |